000 00879nam a22002297a 4500
005 20170123162354.0
010 _a008554
020 _c1.80
035 _a008554
037 _bCen Lib/Ret
040 _aDPL
_bUR
082 _a900
_bہ ا ء
100 _aہائی لینڈ، جاں ایس
_9137861
245 _a/ ہندوستان کی شاندار ما ضی
_b
_cجاں ایس ہائی لینڈ ؛ [اور] مترجم سید مبارز الدین رفعت
246 _aHindustan ki shandar mazi /
_bby John S. Highland; [and] Translated by Saiyyad mubaraz-Uddin Rafat
260 _aدہلی
_b(انجمن ترقی اردو(ہند
_c1944
270 _aاردو گھر, روس ایونیو
_bدہلی
300 _a238p.
_c17cm(Hb)
650 _aقدیم تاریخ
_9137862
650 _aAncient history
_9137863
942 _2ddc
_cUR
_h900
_mہ ا ء
999 _c109449
_d109449